000 01127nam a2200325 i 4500
001 193661
003 SpMaBN
005 20251001143314.0
008 240202s2007 sp | ||| ||spa
016 7 _abimoBNE20070706340
_2SpMaBN
017 _aM 36692-2007
_bOficina Depósito Legal Madrid
020 _a8498157765
035 _a(OCoLC)434030930
035 _aMimo0002195817
040 _aSpMaBN
_bspa
_cSpMaBN
_erdc
_dES-MaACL
080 _a76.036(460)
245 0 0 _a10 obra gráfica /
_c[textos, Francisco Calvo Serraller, Javier Moreno]
246 3 _aDiez obra gráfica
260 _aMadrid :
_bDiario El País,
_c[2007]
300 _a57 p. :
_bil. col. ;
_c39 cm
650 7 _aGrabado español-
_yS.XX
_2
_9144202
700 _aCalvo Serraller, Francisco,
_d1948-2018
_9235031
700 _aMoreno, Javier,
_d1963-
_9235032
852 _aES-MaACL
_bR.153578
_cDEPO2
_jGF-113
_xEncuadernación rustica
_9201182
942 _cMONOGRAFIA
_n0
956 _a1 2
999 _c193661
_d193661